| Tag |
First Indicator |
Second Indicator |
Subfields |
| LEADER |
00000cam a2200000 a 4500 |
| 001 |
in00000097071 |
| 005 |
20150924084945.0 |
| 008 |
791127s1952 nyua b 00110 engm |
| 010 |
|
|
|a 52013507
|
| 020 |
|
|
|a 0389000183
|
| 035 |
|
|
|a (OCoLC)05735325
|
| 035 |
|
|
|9 AAK8943AM
|
| 040 |
|
|
|a DLC
|c IDJ
|d SER
|d TXA
|d UtOrBLW
|
| 049 |
|
|
|a TXAM
|c [1806222]
|
| 050 |
0 |
0 |
|a BC108
|b M14 1952
|
| 082 |
0 |
|
|a 160
|
| 100 |
1 |
|
|a McCall, Raymond J.
|q (Raymond Joseph),
|d 1913-1990.
|
| 245 |
1 |
0 |
|a Basic logic :
|b the fundamental principles of formal deductive reasoning /
|c Raymond J. McCall.
|
| 250 |
|
|
|a 2nd ed.
|
| 264 |
|
1 |
|a New York :
|b Barnes & Noble,
|c 1952.
|
| 300 |
|
|
|a xxvi, 235 pages :
|b illustrations ;
|c 21 cm.
|
| 336 |
|
|
|a text
|b txt
|2 rdacontent
|
| 337 |
|
|
|a unmediated
|b n
|2 rdamedia
|
| 338 |
|
|
|a volume
|b nc
|2 rdacarrier
|
| 490 |
1 |
|
|a The Barnes & Noble outline series ;
|v COS 52
|
| 504 |
|
|
|a Includes bibliographical references and index.
|
| 650 |
|
0 |
|a Logic.
|
| 830 |
|
0 |
|a College outline series ;
|v COS 52.
|
| 999 |
|
|
|a MARS
|
| 999 |
f |
f |
|s c65597a3-06cf-3e48-8af7-d080006a3495
|i 6d663e76-446c-3110-88c8-57d1656ada22
|t 0
|
| 952 |
f |
f |
|p ric
|a Texas A&M University
|b Rellis Campus
|c Joint Library Facility
|d Remote Storage
|t 0
|e BC108 .M14 1952
|h Library of Congress classification
|i unmediated -- volume
|m A14806040518
|
| 998 |
f |
f |
|a BC108 .M14 1952
|t 0
|l Remote Storage
|